2000s US Television Characters by Picture - Statistics

General Stats
  • This quiz has been taken 49 times
  • The average score is 12 of 24
Answer Stats
Picture Answer % Correct
Dexter Morgan on Dexter
87%
Malcolm Wilkerson on Malcolm in the Middle
85%
Dwight Schrute on The Office
83%
Walter White on Breaking Bad
83%
Cristina Yang on Grey's Anatomy
63%
Temperance Brennan on Bones
63%
Liz Lemon on 30 Rock
57%
Barny Stenson or Robin Scherbatski on How I Met Your Mother
54%
Serena van der Woodsen on Gossip Girl
54%
Buffy Summers on Buffy the Vampire Slayer
52%
Jack Bauer on 24
52%
Don Draper on Mad Men
50%
Loralai Gilmore on Gilmore Girls
50%
Larry David on Curb Your Enthusiasm
48%
Abby Sciuto on NCIS
46%
Charlotte York on Sex and the City
41%
Kate Austin on Lost
41%
Odafin Tutuola on Law & Order SVU
41%
Tobias Funke on Arrested Development
39%
Jed Bartlet on The West Wing
28%
Hiro Nakamura on Heroes
22%
Stringer Bell on The Wire
17%
Brenda Lee Johnson on The Closer
11%
Tyrone Biggums on Chappelle Show
11%
No matching quizzes found
Score Distribution
Percent of People with Each Score
Percentile by Number Answered
Your Score History
You have not taken this quiz